<?xml version="1.0" encoding="UTF-8"?>
<collection xmlns:xsi="http://www.w3.org/2001/XMLSchema-instance" xsi:schemaLocation="http://www.loc.gov/MARC21/slim http://www.loc.gov/standards/marcxml/schema/MARC21slim.xsd" xmlns="http://www.loc.gov/MARC21/slim">
 <record>
  <leader>00000cam a22000007a 4500</leader>
  <controlfield tag="001">UP-8027390931312409626</controlfield>
  <controlfield tag="003">Buklod</controlfield>
  <controlfield tag="005">20250815120113.0</controlfield>
  <controlfield tag="006">o--- |     ||   ||</controlfield>
  <controlfield tag="007">ta</controlfield>
  <controlfield tag="008">111208s2009    caua    r    |001 0|eng d</controlfield>
  <datafield tag="020" ind1=" " ind2=" ">
   <subfield code="a">9781430272250 (pbk.)</subfield>
  </datafield>
  <datafield tag="020" ind1=" " ind2=" ">
   <subfield code="a">1430272252 (pbk.)</subfield>
  </datafield>
  <datafield tag="035" ind1=" " ind2=" ">
   <subfield code="a">(iLib)UPCEB-00008353420</subfield>
  </datafield>
  <datafield tag="040" ind1=" " ind2=" ">
   <subfield code="a">VPW</subfield>
   <subfield code="c">VPW</subfield>
   <subfield code="d">VPW</subfield>
   <subfield code="d">CDX</subfield>
   <subfield code="d">OCLCA</subfield>
   <subfield code="d">BTCTA</subfield>
   <subfield code="d">DLC</subfield>
  </datafield>
  <datafield tag="042" ind1=" " ind2=" ">
   <subfield code="a">lccopycat</subfield>
  </datafield>
  <datafield tag="082" ind1="0" ind2="0">
   <subfield code="a">004.167</subfield>
   <subfield code="2">23</subfield>
  </datafield>
  <datafield tag="090" ind1=" " ind2="0">
   <subfield code="a">QA 76.8 B53</subfield>
   <subfield code="b">R59 2009</subfield>
  </datafield>
  <datafield tag="100" ind1="1" ind2=" ">
   <subfield code="a">Rizk, Anthony.</subfield>
  </datafield>
  <datafield tag="245" ind1="1" ind2="0">
   <subfield code="a">Beginning BlackBerry development</subfield>
   <subfield code="c">Anthony Rizk.</subfield>
  </datafield>
  <datafield tag="264" ind1=" " ind2="1">
   <subfield code="a">Berkeley, Calif.</subfield>
   <subfield code="b">Apress</subfield>
   <subfield code="a">New York</subfield>
   <subfield code="b">Distributed to the book trade by Springer-Verlag</subfield>
   <subfield code="c">c2009.</subfield>
  </datafield>
  <datafield tag="300" ind1=" " ind2=" ">
   <subfield code="a">xii, 250 p.</subfield>
   <subfield code="b">ill.</subfield>
   <subfield code="c">24 cm.</subfield>
  </datafield>
  <datafield tag="500" ind1=" " ind2=" ">
   <subfield code="a">Includes index.</subfield>
  </datafield>
  <datafield tag="500" ind1=" " ind2=" ">
   <subfield code="a">&quot;Learn how to build Java-based BlackBerry applications from scratch&quot;--Cover</subfield>
  </datafield>
  <datafield tag="500" ind1=" " ind2=" ">
   <subfield code="a">&quot;Books for professionals by professionals&quot;--Back Cover.</subfield>
  </datafield>
  <datafield tag="500" ind1=" " ind2=" ">
   <subfield code="a">&quot;Companion eBook available&quot;--Spine.</subfield>
  </datafield>
  <datafield tag="504" ind1=" " ind2=" ">
   <subfield code="a">Includes index.</subfield>
  </datafield>
  <datafield tag="505" ind1="0" ind2=" ">
   <subfield code="a">Setting the stage -- Hello world -- What makes a BlackBerry application? -- User interface basics -- Beyond the basics of user interfaces -- Storing data -- Hello out there! Making a network-enabled application -- Where am I? Using location-based services -- Getting your app out there: packaging and publishing -- Next steps.</subfield>
  </datafield>
  <datafield tag="520" ind1=" " ind2=" ">
   <subfield code="a">&quot;This book will teach you how to build Java-based BlackBerry applications, starting from the very basics all the way through packaging and distributing, giving you enough knowledge to produce useful, real-world applications.&quot; --Publisher's description.</subfield>
  </datafield>
  <datafield tag="650" ind1=" " ind2="0">
   <subfield code="a">BlackBerry (Smartphone)</subfield>
   <subfield code="x">Programming.</subfield>
  </datafield>
  <datafield tag="650" ind1=" " ind2="0">
   <subfield code="a">Computer software</subfield>
   <subfield code="x">Development.</subfield>
  </datafield>
  <datafield tag="650" ind1=" " ind2="0">
   <subfield code="a">Mobile computing.</subfield>
  </datafield>
  <datafield tag="650" ind1=" " ind2="0">
   <subfield code="a">Cell phones.</subfield>
  </datafield>
  <datafield tag="650" ind1=" " ind2="0">
   <subfield code="a">Pocket computers.</subfield>
  </datafield>
  <datafield tag="650" ind1=" " ind2="7">
   <subfield code="a">BlackBerry (Smartphone)</subfield>
   <subfield code="x">Computer software.</subfield>
   <subfield code="2">sears.</subfield>
  </datafield>
  <datafield tag="650" ind1=" " ind2="7">
   <subfield code="a">Smartphones</subfield>
   <subfield code="x">Computer software.</subfield>
   <subfield code="2">sears.</subfield>
  </datafield>
  <datafield tag="650" ind1=" " ind2="7">
   <subfield code="a">Application software</subfield>
   <subfield code="x">Design.</subfield>
   <subfield code="2">sears.</subfield>
  </datafield>
  <datafield tag="852" ind1="0" ind2=" ">
   <subfield code="a">UPCEB</subfield>
   <subfield code="b">CEBU-LAHUG</subfield>
   <subfield code="h">QA 76.8 B53 R59 2009</subfield>
  </datafield>
  <datafield tag="942" ind1=" " ind2=" ">
   <subfield code="a">Book</subfield>
  </datafield>
 </record>
</collection>
